| Registos Bibliográficos associados ao registo de autoridade |
|
Etiqueta de registo: 00920cam 2200313 450 001 976674 003 http://id.bnportugal.gov.pt/bib/catbnp/976674 005 19990624000000.0 010 ## $a972-751-128-7 021 ## $aPT$b112783/97 095 ## $aPTBN00986934 100 ## $a19980511d1997 d y0pory0103 ba 101 1# $apor$ceng 102 ## $aPT 105 ## $aa z 000yy 106 ## $ar 200 1# $a A alegria do trabalho$fescrito por Daniel Grippo$gil. por R. W. Alley$gtrad. Américo Casado 210 #9 $aLisboa$cPaulinas,$dcop. 1997 215 ## $a[80] p.$cil.$d15 cm 225 2# $aMinilivros auto-ajuda$v7 304 ## $aTít. orig.: Work therapy 675 ## $a159.923(035)$vBN$zpor$3913621 700 #1 $aGrippo,$bDaniel$3281933 702 #1 $aAlley,$bR. W.$4440$3267835 702 #1 $aCasado,$bAmérico$4730$3109756 801 #0 $aPT$bBN$gRPC 966 ## $c2$lBN$mFGMON$sL. 87673 P.$x1 966 ## $c2$lBN$mFGMON$sL. 87673 P.$x1
Etiqueta de registo: 00951nam 2200325 450 001 1832713 003 http://id.bnportugal.gov.pt/bib/catbnp/1832713 010 ## $a978-972-751-109-9 021 ## $aPT$b347512/12 100 ## $a20130304d2012 m y0pory0103 ba 101 1# $apor$ceng 102 ## $aPT 105 ## $aa z 000yy 106 ## $ar 200 1# $aFeliz aniversário$fLisa Engelhardt$gil. R. W. Alley$gtrad. Américo Casado 205 ## $a6ª ed 210 #9 $aPrior Velho$cPaulinas,$d2012 215 ## $a[78] p.$cil.$d15 cm 225 2# $aMini livros auto-ajuda$v2 304 ## $aTít. orig.: Happy birthday therapy 675 ## $a087.5$vBN$zpor$3287999 675 ## $a821.111(73)-84"19"$vBN$zpor$3651652 700 #1 $aEngelhardt,$bLisa$3267845 702 #1 $aAlley,$bR. W.$4440$3267835 702 #1 $aCasado,$bAmérico$4730$3109756 801 #0 $aPT$bBN$gRPC 856 41 $uhttp://rnod.bnportugal.gov.pt/ImagesBN/winlibimg.aspx?skey=&doc=1832713&img=23238&save=true 900 ## $aBIBNAC$d20130430 966 ## $lBN$mFGMON$sP. 20238 P.$x1 966 ## $lBN$mFGMON$sP. 20238 P.-D$x1
Etiqueta de registo: 00959cam 2200325 450 001 1812670 003 http://id.bnportugal.gov.pt/bib/catbnp/1812670 010 ## $a978-972-751-084-9 021 ## $aPT$b340364/12 100 ## $a20120528d2012 m y0pory0103 ba 101 1# $apor$ceng 102 ## $aPT 105 ## $aa z 000yy 106 ## $ar 200 1# $aEstar bem consigo mesmo$fCherry Hartman$gil. R. W. Alley$gtrad. Américo Casado 205 ## $a7ª ed 210 #9 $aLisboa$cPaulinas,$dD.L. 2012 215 ## $a[80] p.$cil.$d15 cm 225 2# $aMini livros auto-ajuda$v4 304 ## $aTít. orig.: Be good to yourself therapy 675 ## $a087.5$vBN$zpor$3287999 675 ## $a821.111(73)-84"19"$vBN$zpor$3651652 700 #1 $aHartman,$bCherry$3267894 702 #1 $aAlley,$bR. W.$4440$3267835 702 #1 $aCasado,$bAmérico$4730$3109756 801 #0 $aPT$bBN$gRPC 856 41 $uhttp://rnod.bnportugal.gov.pt/ImagesBN/winlibimg.aspx?skey=&doc=1812670&img=8627&save=true 900 ## $aBIBNAC$d20120625 966 ## $lBN$mFGMON$sP. 19235 P.$x1 966 ## $lBN$mFGMON$sP. 19235 P.-D$x1
Etiqueta de registo: 00920cam 2200313 450 001 1812668 003 http://id.bnportugal.gov.pt/bib/catbnp/1812668 010 ## $a978-972-751-128-0 021 ## $aPT$b340365/12 100 ## $a20120528d2012 d y0pory0103 ba 101 1# $apor$ceng 102 ## $aPT 105 ## $aa z 000yy 106 ## $ar 200 1# $a A alegria do trabalho$fescrito por Daniel Grippo$gil. por R. W. Alley$gtrad. Américo Casado 205 ## $a4ª ed 210 #9 $aLisboa$cPaulinas,$dD.L. 2012 215 ## $a[80] p.$cil.$d15 cm 225 2# $aMinilivros auto-ajuda$v7 304 ## $aTít. orig.: Work therapy 675 ## $a159.923(035)$vBN$zpor$3913621 700 #1 $aGrippo,$bDaniel$3281933 702 #1 $aAlley,$bR. W.$4440$3267835 702 #1 $aCasado,$bAmérico$4730$3109756 801 #0 $aPT$bBN$gRPC 856 41 $uhttp://rnod.bnportugal.gov.pt/ImagesBN/winlibimg.aspx?skey=&doc=1812668&img=8626&save=true 900 ## $aBIBNAC$d20120629 966 ## $lBN$mFGMON$sS.A. 52441 P.$x1 966 ## $lBN$mFGMON$sS.A. 52441 P.-D$x1
Etiqueta de registo: 00947cam 2200325 450 001 1812657 003 http://id.bnportugal.gov.pt/bib/catbnp/1812657 010 ## $a978-972-751-083-2 021 ## $aPT$b340363/12 100 ## $a20120528d2012 m y0pory0103 ba 101 1# $apor$ceng 102 ## $aPT 105 ## $aa z 000yy 106 ## $ar 200 1# $a A beleza da oração$fKeith McClellan$gil. R. W. Alley$gtrad. Américo Casado 205 ## $a6ª ed 210 #9 $aLisboa$cPaulinas,$dcop. 2012 215 ## $a[78] p.$cil.$d15 cm 225 2# $aMini livros auto-ajuda$v3 304 ## $aTít. orig.: Prayer therapy 675 ## $a087.5$vBN$zpor$3287999 675 ## $a821.111(73)-84"19"$vBN$zpor$3651652 700 #1 $aMcClellan,$bKeith$3267833 702 #1 $aAlley,$bR. W.$4440$3267835 702 #1 $aCasado,$bAmérico$4730$3109756 801 #0 $aPT$bBN$gRPC 856 41 $uhttp://rnod.bnportugal.gov.pt/ImagesBN/winlibimg.aspx?skey=&doc=1812657&img=8620&save=true 900 ## $aBIBNAC$d20120625 966 ## $lBN$mFGMON$sP. 19234 P.$x1 966 ## $lBN$mFGMON$sP. 19234 P.-D$x1
Etiqueta de registo: 00681cam 2200229 450 001 1790171 003 http://id.bnportugal.gov.pt/bib/catbnp/1790171 010 ## $a978-972-751-085-6 021 ## $aPT$b148985/00 100 ## $a20110928d2010 em y0pory0103 ba 101 1# $apor$ceng 102 ## $aPT 105 ## $aa z 000yy 106 ## $ar 200 1# $aElogio da amizade$fKass P. Dotterweich, John D. Perry$gil. R. W. Alley$gtrad. Américo Casado 205 ## $a7ª ed 210 #9 $aLisboa$cPaulinas,$d2010 215 ## $a[88] p.$cil.$d15 cm 225 2# $aMinilivros auto-ajuda$v1 304 ## $aTít. orig.: Friendship therapy 675 ## $a159.923(035)$vBN$zpor$3913621 700 #1 $aDotterweich,$bKass P.,$f1948-$3267853 701 #1 $aPerry,$bJohn D.$4070$3267855 702 #1 $aAlley,$bR. W.$4440$3267835 702 #1 $aCasado,$bAmérico$4730$3109756 801 #0 $aPT$bBN$gRPC 856 41 $uhttp://rnod.bnportugal.gov.pt/ImagesBN/winlibimg.aspx?skey=&doc=1790171&img=1583&save=true 900 ## $aBIBNAC$d20120620 966 ## $lBN$mFGMON$sS.A. 52321 P.$x1 966 ## $lBN$mFGMON$sS.A. 52321 P.-D$x1
Etiqueta de registo: 00681cam 2200229 450 001 1790169 003 http://id.bnportugal.gov.pt/bib/catbnp/1790169 010 ## $a978-972-751-086-3 021 ## $aPT$b112782/97 100 ## $a20110928d2010 em y0pory0103 ba 101 1# $apor$ceng 102 ## $aPT 105 ## $aa z 000yy 106 ## $ar 200 1# $a A magia do Natal$fKaren Katafiasz$gil. R. W. Alley$gtrad. Américo Casado 205 ## $a6ª ed 210 #9 $aLisboa$cPaulinas,$d2010 215 ## $a[88] p.$cil.$d15 cm 225 2# $aMinilivros auto-ajuda$v8 304 ## $aTít. orig.: Christmas therapy 675 ## $a159.923(035)$vBN$zpor$3913621 700 #1 $aKatafiasz,$bKaren$3281941 702 #1 $aAlley,$bR. W.$4440$3267835 702 #1 $aCasado,$bAmérico$4730$3109756 801 #0 $aPT$bBN$gRPC 856 41 $uhttp://rnod.bnportugal.gov.pt/ImagesBN/winlibimg.aspx?skey=&doc=1790169&img=1581&save=true 900 ## $aBIBNAC$d20120620 966 ## $lBN$mFGMON$sS.A. 52324 P.$x1 966 ## $lBN$mFGMON$sS.A. 52324 P.-D$x1
Etiqueta de registo: 00681cam 2200229 450 001 1790133 003 http://id.bnportugal.gov.pt/bib/catbnp/1790133 010 ## $a978-972-751-129-7 021 ## $aPT$b112784/97 100 ## $a20110928d2010 em y0pory0103 ba 101 1# $apor$ceng 102 ## $aPT 105 ## $aa z 000yy 106 ## $ar 200 1# $aViver na simplicidade$fLinus Mundy$gil. R. W. Alley$gtrad. Américo Casado 205 ## $a4ª ed 210 #9 $aLisboa$cPaulinas,$d2010 215 ## $a[88] p.$cil.$d15 cm 225 2# $aMinilivros auto-ajuda$v6 304 ## $aTít. orig.: Keep life simple therapy 675 ## $a159.923(035)$vBN$zpor$3913621 700 #1 $aMundy,$bLinus$3281927 702 #1 $aAlley,$bR. W.$4440$3267835 702 #1 $aCasado,$bAmérico$4730$3109756 801 #0 $aPT$bBN$gRPC 856 41 $uhttp://rnod.bnportugal.gov.pt/ImagesBN/winlibimg.aspx?skey=&doc=1790133&img=1554&save=true 900 ## $aBIBNAC$d20120620 966 ## $lBN$mFGMON$sS.A. 52322 P.$x1 966 ## $lBN$mFGMON$sS.A. 52322 P.-D$x1
Etiqueta de registo: 01468cam 02200421 04500 001 1983393 003 http://id.bnportugal.gov.pt/bib/catbnp/1983393 010 ## $a972-751-135-X 021 ## $aPT$b113252/97 100 ## $a20180222d1997 m y0pory0103 ba 101 1# $apor$cita 102 ## $aPT 105 ## $aa z 001yy 106 ## $ar 200 1# $a O banquete da palavra, ano C$ecomentário às leituras dominicais$fFernando Armellini$gtrad. Américo Casado$gdes. Arianna Mauri 210 #9 $aLisboa$cPaulinas,$dcop. 1997 215 ## $a533, [10] p.$cil.$d21 cm 225 2# $aCelebrar 675 ## $a272-565$vBN$zpor$31288049 675 ## $a27-53$vBN$zpor$31378707 700 #1 $aArmellini,$bFernando$37084 702 #1 $aMauri,$bArianna$4440$31525367 702 #1 $aCasado,$bAmérico$4730$3109756 801 #0 $aPT$bBN$gRPC 856 41 $uhttp://rnod.bnportugal.gov.pt/ImagesBN/winlibimg.aspx?skey=&doc=1983393&img=106266&save=true 900 ## $aBIBNAC$d20180228 966 ## $lBN$mFGMON$sR. 29628 V.$x1 966 ## $lBN$mFGMON$sR. 29628 V.-D$x1
Etiqueta de registo: 00612cam 2200205 450 001 1291696 003 http://id.bnportugal.gov.pt/bib/catbnp/1291696 010 ## $a972-30-0588-3 021 ## $aPT$b68002/93 100 ## $a20040929d1993 km y0pory0103 ba 101 1# $apor$cita 102 ## $aPT 105 ## $ay z 001yy 106 ## $ar 200 1# $aSobre o sacerdócio ministerial$eduas meditações teológicas$fBruno Forte$gtrad. Américo Casado 210 #9 $aLisboa$cEdições Paulistas,$dD.L. 1993 215 ## $a51, [4] p.$d21 cm 304 ## $aTít. orig.: sul sacerdozio ministeriale 675 ## $a2-72$vBN$zpor$31222891 700 #1 $aForte,$bBruno,$f1949-$3109746 702 #1 $aCasado,$bAmérico$4730$3109756 801 #0 $aPT$bBN$gRPC 900 ## $aBIBNAC$d20130602 966 ## $lBN$mFGMON$sR. 17796 V.$x1 966 ## $lBN$mFGMON$sR. 17796 V.$x1 997 ## $aBIBEOD
Etiqueta de registo: 00800cam 2200265 450 001 1014535 003 http://id.bnportugal.gov.pt/bib/catbnp/1014535 005 20010726163500.0 010 ## $a972-751-241-0 021 ## $aPT$b134459/99 100 ## $a19990713d1999 em y0pory0103 ba 101 1# $apor$cita 102 ## $aPT 105 ## $aa z 000yy 106 ## $ar 200 1# $aDeus é um pai que nos ama$eem Cristo somos seus filhos$fLuciano Pacomio, Giordano Muraro$gtrad. Américo Casado 210 #9 $aLisboa$cPaulus,$d1999 215 ## $a30, [1] p.$cil.$d21 cm 225 2# $aCatequeses para todos 304 ## $aTít. orig.: Dio è Padre e ci ama 675 ## $a211$vBN$zpor$3295302 702 #1 $aMuraro,$bGiordano$4070$3109634 702 #1 $aPacomio,$bLuciano$4070$3687959 702 #1 $aCasado,$bAmérico$4730$3109756 966 ## $lBN$mFGMON$sR. 20299 V.$x1 966 ## $lBN$mFGMON$sR. 20299 V.$x1
Etiqueta de registo: 00873cam 02200289 04500 001 572336 003 http://id.bnportugal.gov.pt/bib/catbnp/572336 005 19990104000000.0 010 ## $a972-751-025-6 021 ## $aPT$b88647/95 095 ## $aPTBN00781455 100 ## $a19951109d1995 cd y0pory0103 ba 101 1# $apor$cita 102 ## $aPT 105 ## $aac z 001yy 106 ## $ar 200 1# $a A minha Primeira Comunhão$e um dia para recordar$fNadia Bonaldo$gtrad. P e Casado$gadapt. Ivana Gastaldelli$gdes. Carla Cortesi 210 #9 $aLisboa$cPaulinas,$dD.L. 1995 215 ## $a76 p.$cil.$d26 cm 304 ## $aTít. orig.: La mia prima Comunione 675 ## $a27-29$vBN$zpor$3290051 700 #1 $aBonaldo,$bNadia$3196292 702 #1 $aGastaldelli,$bIvana$4010$331232 702 #1 $aCortesi,$bCarla$4440$378846 702 #1 $aCasado,$bAmérico$4730$3109756 801 #0 $aPT$bBN$gRPC 966 ## $c2$lBN$mFGMON$sR. 18480 V.$x1 966 ## $c2$lBN$mFGMON$sR. 18480 V.$x1 997 ## $aBIBEOD
Etiqueta de registo: 00969cam 02200337 04500 001 573573 003 http://id.bnportugal.gov.pt/bib/catbnp/573573 005 19990104000000.0 010 ## $a972-751-028-0 021 ## $aPT$b88129/95 095 ## $aPTBN00782700 100 ## $a19951116d1995 m y0pory0103 ba 101 1# $apor$cita 102 ## $aPT 105 ## $ay z 001yy 106 ## $ar 200 1# $aCaminhos laicais$fCarlo Maria Martini$gtrad. Américo Casado 210 #9 $aLisboa$cPaulinas,$dD.L. 1995 215 ## $a133, [2] p.$d21 cm 225 2# $aÁgua viva$v5 304 ## $aTít. orig. : Camini Laicali 600 #0 $2SIPOR$323576 606 ## $2SIPOR$372309 675 ## $a245$vBN$zpor$3290050 675 ## $a2(32)$vBN$zpor$3289961 700 #1 $aMartin,$bCarlo Maria$3196899 702 #1 $aCasado,$bAmérico$4730$3109756 801 #0 $aPT$bBN$gRPC 966 ## $c2$lBN$mFGMON$sR. 18464 V.$x1 966 ## $c2$lBN$mFGMON$sR. 18464 V.$x1 997 ## $aBIBEOD
Etiqueta de registo: 01468cam 02200421 04500 001 592016 003 http://id.bnportugal.gov.pt/bib/catbnp/592016 005 19990104000000.0 010 ## $a972-751-039-6 021 ## $aPT$b92509/95 100 ## $a19990104d1995 m y0pory01030103ba 101 1# $apor$cita 102 ## $aPT 105 ## $aa z 001yy 106 ## $ar 200 1# $a O banquete da palavra, ano A$ecomentário às leituras dominicais$fFernando Armellini$gadapt. Américo Casado$gdes. Arianna Mauri 210 #9 $aLisboa$cPaulinas,$dcop. 1995 215 ## $a422, [9] p.$cil.$d21 cm 225 2# $aCelebrar 675 ## $a272-565$vBN$zpor$31288049 675 ## $a27-53$vBN$zpor$31378707 700 #1 $aArmellini,$bFernando$37084 702 #1 $aCasado,$bAmérico$4010$3109756 702 #1 $aMauri,$bArianna$4440$31525367 801 #0 $aPT$bBN$gRPC 856 41 $uhttp://rnod.bnportugal.gov.pt/ImagesBN/winlibimg.aspx?skey=&doc=592016&img=106221&save=true 900 ## $aBIBNAC$d20180228 966 ## $lBN$mFGMON$sR. 29629 V.$x1 966 ## $lBN$mFGMON$sR. 29629 V.-D$x1 997 ## $aBIBEOD
Etiqueta de registo: 01001cam 2200337 450 001 610822 003 http://id.bnportugal.gov.pt/bib/catbnp/610822 010 ## $a972-751-029-9 021 ## $aPT$b92506/95 100 ## $a19960708d1995 m y0pory01030103ba 101 1# $apor$cita 102 ## $aPT 105 ## $ay z 001ya 106 ## $ar 200 1# $aAinda existe algo em que acreditar$fCarlo Maria Martini$gtrad. Américo Casado$grev. Eduardo Rêgo 210 #9 $aLisboa$cPaulinas,$dD.L. 1995 215 ## $a108, [3] p.$d21 cm 225 2# $aÁgua viva$v6 304 ## $aTít. orig.: C'é ancora qualcosa in cui credere 675 ## $a234$vBN$zpor$3291699 675 ## $a226$vBN$zpor$3302097 700 #1 $aMartini,$bCarlo Maria,$f1927-2012,$cS.J.$370703 702 #1 $aCasado,$bAmérico$4730$3109756 702 #1 $aRêgo,$bEduardo$4640$3171841 801 #0 $aPT$bBN$gRPC 966 ## $c2$lBN$mFGMON$sR. 18712 V.$x1 966 ## $c2$lBN$mFGMON$sR. 18712 V.$x1
Etiqueta de registo: 00895cam 02200325 04500 001 679739 003 http://id.bnportugal.gov.pt/bib/catbnp/679739 005 19990106000000.0 010 ## $a972-751-079-5 021 ## $aPT$b104591/96 095 ## $aPTBN00892896 100 ## $a19970506d1996 c y0pory0103 ba 101 1# $apor$cita 102 ## $aPT 105 ## $aa z 000yy 106 ## $ar 200 1# $aManino Jesus$fMarina Luzi$gil. Carla Cortesi$gtrad. Américo Casado 210 #9 $aLisboa$cPaulinas,$dD.L. 1996 215 ## $a63 p.$cil.$d28 cm 304 ## $aTít. orig.: Baby Gesú 675 ## $a087.5$vBN$zpor$3287999 675 ## $a087.5$vBN$zpor$3287999 675 ## $a087.5$vBN$zpor$3287999 700 #1 $aLuzi,$bMarina$3250399 702 #1 $aCortesi,$bCarla$4440$378846 702 #1 $aCasado,$bAmérico$4730$3109756 801 #0 $aPT$bBN$gRPC 966 ## $c2$lBN$mFGMON$sP. 12827 V.$x1 966 ## $c2$lBN$mFGMON$sP. 12827 V.$x1
Etiqueta de registo: 00861cam 02200301 04500 001 689159 003 http://id.bnportugal.gov.pt/bib/catbnp/689159 005 19990107000000.0 010 ## $a972-751-095-7 021 ## $aPT$b104904/96 095 ## $aPTBN00902761 100 ## $a19970620d1996 m y0pory0103 ba 101 1# $apor$ceng 102 ## $aPT 105 ## $ay z 001yy 106 ## $ar 200 1# $aAqui e agora$evida no espírito$fHenri J. Nouwen$gtrad. Américo Casado 210 #9 $aLisboa$cPaulinas,$dD.L. 1996 215 ## $a156, [3] p.$d21 cm 304 ## $aTít. orig.: Here and now 675 ## $a248$vBN$zpor$3290097 700 #1 $aNouwen,$bHenri J. M.,$f1932-1996$3253180 702 #1 $aCasado,$bAmérico$4730$3109756 801 #0 $aPT$bBN$gRPC 966 ## $c2$lBN$mFGMON$sR. 19044 V.$x1 966 ## $c2$lBN$mFGMON$sR. 19044 V.$x1
Etiqueta de registo: 00969cam 2200313 450 001 918508 003 http://id.bnportugal.gov.pt/bib/catbnp/918508 005 19990610000000.0 010 ## $a972-751-113-9 021 ## $aPT$b108566/97 095 ## $aPTBN00932645 100 ## $a19971120d1997 m y0pory0103 ba 101 1# $apor$ceng 102 ## $aPT 105 ## $ay z 001yy 106 ## $ar 200 1# $aViver é ser amado$evida espiritual num mundo secular$fHenri J. M. Nouwen$gtrad. Américo Casado 210 #9 $aLisboa$cPaulinas,$dcop. 1997 215 ## $a125, [2] p.$d21 cm 225 2# $aNouwen$v2 304 ## $aTít. orig.: Life of the beloved - spiritual living in a secular world 675 ## $a130.3$vBN$zpor$3480146 700 #1 $aNouwen,$bHenri J. M.,$f1932-1996$3253180 702 #1 $aCasado,$bAmérico$4730$3109756 801 #0 $aPT$bBN$gRPC 966 ## $c2$lBN$mFGMON$sS.A. 84875 V.$x1 966 ## $c2$lBN$mFGMON$sS.A. 84875 V.$x1
Etiqueta de registo: 00959cam 2200325 450 001 918491 003 http://id.bnportugal.gov.pt/bib/catbnp/918491 005 19990713094900.0 010 ## $a972-751-084-1 021 ## $aPT$b108359/97 095 ## $aPTBN00932628 100 ## $a19971124d1997 m y0pory0103 ba 101 1# $apor$ceng 102 ## $aPT 105 ## $aa z 000yy 106 ## $ar 200 1# $aEstar bem consigo mesmo$fCherry Hartman$gil. R. W. Alley$gtrad. Américo Casado 210 #9 $aLisboa$cPaulinas,$dcop. 1997 215 ## $a[80] p.$cil.$d15 cm 225 2# $aMini livros auto-ajuda$v4 304 ## $aTít. orig.: Be good to yourself therapy 675 ## $a087.5$vBN$zpor$3287999 675 ## $a821.111(73)-84"19"$vBN$zpor$3651652 700 #1 $aHartman,$bCherry$3267894 702 #1 $aAlley,$bR. W.$4440$3267835 702 #1 $aCasado,$bAmérico$4730$3109756 801 #0 $aPT$bBN$gRPC 966 ## $c2$lBN$mFGMON$sP. 11540 P.$x1 966 ## $c2$lBN$mFGMON$sP. 11540 P.$x1
Etiqueta de registo: 00947cam 2200325 450 001 918490 003 http://id.bnportugal.gov.pt/bib/catbnp/918490 005 19990713094900.0 010 ## $a972-751-083-3 021 ## $aPT$b108358/97 095 ## $aPTBN00932627 100 ## $a19971124d1997 m y0pory0103 ba 101 1# $apor$ceng 102 ## $aPT 105 ## $aa z 000yy 106 ## $ar 200 1# $a A beleza da oração$fKeith McClellan$gil. R. W. Alley$gtrad. Américo Casado 210 #9 $aLisboa$cPaulinas,$dcop. 1997 215 ## $a[78] p.$cil.$d15 cm 225 2# $aMini livros auto-ajuda$v3 304 ## $aTít. orig.: Prayer therapy 675 ## $a087.5$vBN$zpor$3287999 675 ## $a821.111(73)-84"19"$vBN$zpor$3651652 700 #1 $aMcClellan,$bKeith$3267833 702 #1 $aAlley,$bR. W.$4440$3267835 702 #1 $aCasado,$bAmérico$4730$3109756 801 #0 $aPT$bBN$gRPC 966 ## $c2$lBN$mFGMON$sP. 11539 P.$x1 966 ## $c2$lBN$mFGMON$sP. 11539 P.$x1
Etiqueta de registo: 00951cam 2200325 450 001 918489 003 http://id.bnportugal.gov.pt/bib/catbnp/918489 005 19990713094900.0 010 ## $a972-751-109-0 021 ## $aPT$b108357/97 095 ## $aPTBN00932626 100 ## $a19971124d1997 m y0pory0103 ba 101 1# $apor$ceng 102 ## $aPT 105 ## $aa z 000yy 106 ## $ar 200 1# $aFeliz aniversário$fLisa Engelhardt$gil. R. W. Alley$gtrad. Américo Casado 210 #9 $aLisboa$cPaulinas,$dcop. 1997 215 ## $a[78] p.$cil.$d15 cm 225 2# $aMini livros auto-ajuda$v2 304 ## $aTít. orig.: Happy birthday therapy 675 ## $a087.5$vBN$zpor$3287999 675 ## $a821.111(73)-84"19"$vBN$zpor$3651652 700 #1 $aEngelhardt,$bLisa$3267845 702 #1 $aAlley,$bR. W.$4440$3267835 702 #1 $aCasado,$bAmérico$4730$3109756 801 #0 $aPT$bBN$gRPC 966 ## $c2$lBN$mFGMON$sP. 11538 P.$x1 966 ## $c2$lBN$mFGMON$sP. 11538 P.$x1
Etiqueta de registo: 00974cam 2200325 450 001 918488 003 http://id.bnportugal.gov.pt/bib/catbnp/918488 005 19990610000000.0 010 ## $a972-751-085-X 021 ## $aPT$b108356/97 095 ## $aPTBN00932625 100 ## $a19971124d1997 m y0pory0103 ba 101 1# $apor$ceng 102 ## $aPT 105 ## $aa z 000yy 106 ## $ar 200 1# $aElogio da amizade$fKass P. Dotterweich, John D. Perry$gil. R. W. Alley$gtrad. Américo Casado 210 #9 $aLisboa$cPaulinas,$dcop. 1997 215 ## $a[80] p.$cil.$d15 cm 225 2# $aMinilivros auto-ajuda$v1 304 ## $aTít. orig.: Friendship Therapy 675 ## $a159.923(035)$vBN$zpor$3913621 700 #1 $aDotterweich,$bKass P.,$f1948-$3267853 701 #1 $aPerry,$bJohn D.$4070$3267855 702 #1 $aAlley,$bR. W.$4440$3267835 702 #1 $aCasado,$bAmérico$4730$3109756 801 #0 $aPT$bBN$gRPC 966 ## $c2$lBN$mFGMON$sP. 11541 P.$x1 966 ## $c2$lBN$mFGMON$sP. 11541 P.$x1
Etiqueta de registo: 00922cam 2200313 450 001 976675 003 http://id.bnportugal.gov.pt/bib/catbnp/976675 005 19990624000000.0 010 ## $a972-751-129-5 021 ## $aPT$b112784/97 095 ## $aPTBN00986935 100 ## $a19980511d1997 d y0pory0103 ba 101 1# $apor$ceng 102 ## $aPT 105 ## $aa z 000yy 106 ## $ar 200 1# $aViver na simplicidade$fescrito por Linus Mundy$gil. R. W. Alley$gtrad. Américo Casado 210 #9 $aLisboa$cPaulinas,$dcop. 1997 215 ## $a[80] p.$cil.$d15 cm 225 2# $aMinilivros auto-ajuda$v6 304 ## $aTít. orig.: Keep life simple therapy 675 ## $a159.923(035)$vBN$zpor$3913621 700 #1 $aMundy,$bLinus$3281927 702 #1 $aAlley,$bR. W.$4440$3267835 702 #1 $aCasado,$bAmérico$4730$3109756 801 #0 $aPT$bBN$gRPC 966 ## $c2$lBN$mFGMON$sL. 87672 P.$x1 966 ## $c2$lBN$mFGMON$sL. 87672 P.$x1
Etiqueta de registo: 00913cam 2200313 450 001 976673 003 http://id.bnportugal.gov.pt/bib/catbnp/976673 005 19990624000000.0 010 ## $a972-751-086-8 021 ## $aPT$b112782/97 095 ## $aPTBN00986933 100 ## $a19980511d1997 m y0pory0103 ba 101 1# $apor$ceng 102 ## $aPT 105 ## $aa z 000yy 106 ## $ar 200 1# $a A magia do Natal$fescrito por Karen Katafiasz$gil. por R. W. Alley$gtrad. Américo Casado 210 #9 $aLisboa$cPaulinas,$dcop. 1997 215 ## $a[72] p.$cil.$d15 cm 225 2# $aMinilivros auto-ajuda$v8 304 ## $aTít. orig.: Christmas therapy 675 ## $a159.923(035)$vBN$zpor$3913621 700 #1 $aKatafiasz,$bKaren$3281941 702 #1 $aAlley,$bR. W.$4440$3267835 702 #1 $aCasado,$bAmérico$4730$3109756 801 #0 $aPT$bBN$gRPC 966 ## $c2$lBN$mFGMON$sR. 39869 P.$x1 966 ## $c2$lBN$mFGMON$sR. 39869 P.$x1
Etiqueta de registo: 00917cam 2200313 450 001 976676 003 http://id.bnportugal.gov.pt/bib/catbnp/976676 005 19990624000000.0 010 ## $a972-751-130-9 021 ## $aPT$b112785/97 095 ## $aPTBN00986936 100 ## $a19980511d1997 m y0pory0103 ba 101 1# $apor$ceng 102 ## $aPT 105 ## $aa z 000yy 106 ## $ar 200 1# $aElogio da paz$fescrito por Carol Ann Morrow$gil. por R. W. Alley$gtrad. Américo Casado 210 #9 $aLisboa$cPaulinas,$dcop. 1997 215 ## $a[79] p.$cil.$d15 cm 225 2# $aMinilivros auto-ajuda$v5 304 ## $aTít. orig.: Peace Therapy 675 ## $a159.923(035)$vBN$zpor$3913621 700 #1 $aMorrow,$bCarol Ann$3281905 702 #1 $aAlley,$bR. W.$4440$3267835 702 #1 $aCasado,$bAmérico$4730$3109756 801 #0 $aPT$bBN$gRPC 966 ## $c2$lBN$mFGMON$sL. 87671 P.$x1 966 ## $c2$lBN$mFGMON$sL. 87671 P.$x1
Etiqueta de registo: 00834cam 2200277 450 001 1014533 003 http://id.bnportugal.gov.pt/bib/catbnp/1014533 005 20000518114600.0 010 ## $a972-751-242-9 021 ## $aPT$b134460/99 100 ## $a19990713d1999 em y0pory0103 ba 101 1# $apor$cita 102 ## $aPT 105 ## $aa z 000yy 106 ## $ar 200 1# $a O sacramento da reconciliação$fTexto F. Ciravegna, S. Sirboni, F. Peradotto$gtrad. Américo Casado 210 #9 $aLisboa$cPaulinas,$d1999 215 ## $a30, [1] p.$cil.$d21 cm 225 2# $aCatequeses para todos 304 ## $aTít. orig.: Il Sacramento della Riconciliazione 675 ## $a265$vBN$zpor$3290087 702 #1 $aSirboni,$bS.$4220$3936386 702 #1 $aPeradotto,$bF.$4220$3936391 702 #1 $aCiravegna,$bF.$4220$3936385 702 #1 $aCasado,$bAmérico$4730$3109756 966 ## $lBN$mFGMON$sR. 20300 V.$x1 966 ## $lBN$mFGMON$sR. 20300 V.$x1
Etiqueta de registo: 00822cam 02200253 04500 001 1014537 003 http://id.bnportugal.gov.pt/bib/catbnp/1014537 005 20000516111200.0 010 ## $a972-751-092-2 021 ## $aPT$b131393/99 100 ## $a19990713d1999 e y0pory0103 ba 101 1# $apor$cita 102 ## $aPT 105 ## $ay z 001yy 106 ## $ar 200 1# $aHistória de um segredo$e uma adolescente à procura da própria identidade$fMariateresa Zattoni Gillini$gil. Pe. Américo Casado 210 #9 $aLisboa$cPaulinas,$dD.L. 1999 215 ## $a113, [7] p.$d21 cm 225 2# $aAs nossa conversas$v1 304 ## $aTít. orig.: Storia di un segreto - un' adolescente 675 ## $a821.131.1-34"19"$vBN$zpor$3588894 700 #1 $aGillini,$bMariaTeresa Zattoni$3938256 702 #1 $aCasado,$bAmérico$4730$3109756 966 ## $lBN$mFGMON$sL. 63597 V.$x1 966 ## $lBN$mFGMON$sL. 63597 V.$x1
Etiqueta de registo: 00960cam 02200277 04500 001 1014581 003 http://id.bnportugal.gov.pt/bib/catbnp/1014581 005 20000726120600.0 010 ## $a972-751-235-6 021 ## $aPT$b134290/99 100 ## $a19990613d1999 em y0pory0103 ba 101 1# $apor$cita 102 ## $aPT 105 ## $aa z 001yy 106 ## $ar 200 1# $aNós os pais...$ehistórias verdadeiras de pais com dificuldades com filhos$fGilberto Gillini, MariaTeresa Zattoni$gtrad. Pe. Américo Casado 210 #9 $aLisboa$cPaulinas,$dD.L. 1999 215 ## $a118, [2] p.$cil.$d21 cm 225 2# $a As nossas conversas$v3 304 ## $aTít. orig.: Dalla loro parte - storie vere di genitori 606 ## $aFilhos adolescentes$xHistórias de vida$2SIPOR$3945879 675 ## $a316.47-055.52/.62$vBN$zpor$3945880 700 #1 $aGillini,$bGilberto$3939092 701 #1 $aZattoni,$bMariaTeresa$4070$3939094 702 #1 $aCasado,$bAmérico$4730$3109756 966 ## $lBN$mFGMON$sS.C. 85492 V.$x1 966 ## $lBN$mFGMON$sS.C. 85492 V.$x1
Etiqueta de registo: 00963cam 02200277 04500 001 1014583 003 http://id.bnportugal.gov.pt/bib/catbnp/1014583 005 20000726114500.0 010 ## $a972-751-236-4 021 ## $aPT$b134291/99 100 ## $a19990613d1999 e y0pory0103 ba 101 1# $apor$cita 102 ## $aPT 105 ## $aa z 000yy 106 ## $ar 200 1# $aNós os filhos...$ehistórias verdadeiras de filhos adolescentes com dificuldades$fGilberto Gillini, MariaTeresa Zattoni$gtrad. Pe. Américo Casado 210 #9 $aLisboa$cPaulinas,$dD.L. 1999 215 ## $a106, [6] p.$cil.$d21 cm 225 2# $a As nossas conversas$v2 304 ## $aTít. orig.: Dalla loro parte - storie vere di figli adodescenti 606 ## $2SIPOR$3945879 675 ## $a316.47-055.52/.62$vBN$zpor$3945880 700 #1 $aGillini,$bGilberto$3939092 701 #1 $aZattoni,$bMariaTeresa$3939094 702 #1 $aCasado,$bAmérico$4730$3109756 966 ## $lBN$mFGMON$sS.C. 85486 V.$x1 966 ## $lBN$mFGMON$sS.C. 85486 V.$x1
Etiqueta de registo: 00758cam 2200265 450 001 1000044 003 http://id.bnportugal.gov.pt/bib/catbnp/1000044 005 19991214163500.0 010 ## $a972-751-219-4 021 ## $aPT$b129822/98 100 ## $a19990812d1998 m y0pory0103 ba 101 1# $apor$cita 102 ## $aPT 105 ## $ay z 001yy 106 ## $ar 200 1# $a O " Pai Nosso " em família$fCarlo Maria Martini$gAmérico Casado 210 #9 $aLisboa$cPaulinas,$d1998 215 ## $a30, [2] p.$d21 cm 225 2# $aÁgua viva$v12 304 ## $aTít. orig.: Il "Padre Nostro" in famiglia 675 ## $a27-29$vBN$zpor$3290051 700 #1 $aMartini,$bCarlo Maria,$f1927-2012,$cS.J.$370703 702 #1 $aCasado,$bAmérico$4730$3109756 966 ## $lBN$mFGMON$sR. 19867 V.$x1 966 ## $lBN$mFGMON$sR. 19867 V.$x1
Etiqueta de registo: 00738cam 2200265 450 001 1000051 003 http://id.bnportugal.gov.pt/bib/catbnp/1000051 005 19991213111900.0 010 ## $a972-751-213-5 021 ## $aPT$b129610/98 100 ## $a19990812d1998 m y0pory0103 ba 101 1# $apor$cita 102 ## $aPT 105 ## $ay z 001yy 106 ## $ar 200 1# $aRegresso ao Pai de todos$fCarlo Maria Martini$gPe. Casado 210 #9 $aLisboa$cPaulinas,$d1998 215 ## $a58, [5] p.$d21 cm 225 2# $aÁgua viva$v11 304 ## $aTít. orig.: Ritorno al Padre di tutti 675 ## $a211$vBN$zpor$3295302 700 #1 $aMartini,$bCarlo Maria,$f1927-2012,$cS.J.$370703 702 #1 $aCasado,$bAmérico$3109756 966 ## $lBN$mFGMON$sR. 19889 V.$x1 966 ## $lBN$mFGMON$sR. 19889 V.$x1
Etiqueta de registo: 00843cam 02200301 04500 001 996319 003 http://id.bnportugal.gov.pt/bib/catbnp/996319 005 20020424170400.0 010 ## $a972-751-153-8 021 ## $aPT$b118188/97 095 ## $aPTBN01008583 100 ## $a19980902d1997 m y0pory0103 ba 101 1# $apor$ceng 102 ## $aPT 105 ## $ay z 000yy 106 ## $ar 200 1# $a O caminho da paz$fHenri J. M. Nouwen$gtrad. Américo Casado 210 #9 $aLisboa$cPaulinas,$dD.L. 1997 215 ## $a47 p.$d15 cm 225 2# $aCaminhos novos 304 ## $aTít. orig.: The path of peace 675 ## $a27-29$vBN$zpor$3290051 700 #1 $aNouwen,$bHenri J. M.,$f1932-1996$3253180 702 #1 $aCasado,$bAmérico$4730$3109756 801 #0 $aPT$bBN$gRPC 966 ## $c2$lBN$mFGMON$sR. 39912 P.$x1 966 ## $c2$lBN$mFGMON$sR. 39912 P.$x1
Etiqueta de registo: 00857cam 02200301 04500 001 996325 003 http://id.bnportugal.gov.pt/bib/catbnp/996325 005 20020424170400.0 010 ## $a972-751-159-7 021 ## $aPT$b118994/97 095 ## $aPTBN01008589 100 ## $a19980907d1997 m y0pory0103 ba 101 1# $apor$ceng 102 ## $aPT 105 ## $aa z 000yy 106 ## $ae 200 1# $a O caminho da esperança$fHenri J. M. Nouwen$gtrad. Américo Casado 210 #9 $aLisboa$cPaulinas,$dD.L. 1997 215 ## $a46, [1] p.$d15 cm 225 2# $aCaminhos novos 304 ## $aTít. orig.: The path of waiting 675 ## $a27-29$vBN$zpor$3290051 700 #1 $aNouwen,$bHenri J. M.,$f1932-1996$3253180 702 #1 $aCasado,$bAmérico$4730$3109756 801 #0 $aPT$bBN$gRPC 966 ## $c2$lBN$mFGMON$sR. 39911 P.$x1 966 ## $c2$lBN$mFGMON$sR. 39911 P.$x1
Etiqueta de registo: 00845cam 02200301 04500 001 996329 003 http://id.bnportugal.gov.pt/bib/catbnp/996329 005 20020424170400.0 010 ## $a972-751-158-9 021 ## $aPT$b119288/97 095 ## $aPTBN01008593 100 ## $a19980907d1997 m y0pory0103 ba 101 1# $apor$ceng 102 ## $aPT 105 ## $aa z 000yy 106 ## $ar 200 1# $a O caminho do poder$fHenri J. M. Nouwen$gtrad. Américo Casado 210 #9 $aLisboa$cPaulinas,$dD.L. 1997 215 ## $a47 p.$d15 cm 225 2# $aCaminhos novos 304 ## $aTít. orig.: The path of power 675 ## $a27-29$vBN$zpor$3290051 700 #1 $aNouwen,$bHenri J. M.,$f1932-1996$3253180 702 #1 $aCasado,$bAmérico$4730$3109756 801 #0 $aPT$bBN$gRPC 966 ## $c2$lBN$mFGMON$sR. 39910 P.$x1 966 ## $c2$lBN$mFGMON$sR. 39910 P.$x1
Etiqueta de registo: 00681nam 2200229 450 001 1865721 003 http://id.bnportugal.gov.pt/bib/catbnp/1865721 010 ## $a978-972-751-085-6 021 ## $aPT$b357831/13 100 ## $a20140228d2013 em y0pory0103 ba 101 1# $apor$ceng 102 ## $aPT 105 ## $aa z 000yy 106 ## $ar 200 1# $aElogio da amizade$fKass P. Dotterweich, John D. Perry$gil. R. W. Alley$gtrad. Américo Casado 205 ## $a8ª ed 210 #9 $aLisboa$cPaulinas,$d2013 215 ## $a[88] p.$cil.$d15 cm 225 2# $aMinilivros auto-ajuda$v1 304 ## $aTít. orig.: Friendship therapy 675 ## $a159.923(035)$vBN$zpor$3913621 700 #1 $aDotterweich,$bKass P.,$f1948-$3267853 701 #1 $aPerry,$bJohn D.$4070$3267855 702 #1 $aAlley,$bR. W.$4440$3267835 702 #1 $aCasado,$bAmérico$4730$3109756 801 #0 $aPT$bBN$gRPC 856 41 $uhttp://rnod.bnportugal.gov.pt/ImagesBN/winlibimg.aspx?skey=&doc=1865721&img=40318&save=true 900 ## $aBIBNAC$d20140328 966 ## $lBN$mFGMON$sS.A. 55712 P.$x1 966 ## $lBN$mFGMON$sS.A. 55712 P.-D $x1
Etiqueta de registo: 01468cam 02200421 04500 001 1983392 003 http://id.bnportugal.gov.pt/bib/catbnp/1983392 010 ## $a972-751-078-7 021 ## $aPT$b105089/96 100 ## $a20180222d1996 m y0pory0103 ba 101 1# $apor$cita 102 ## $aPT 105 ## $aa z 001yy 106 ## $ar 200 1# $a O banquete da palavra, ano B$ecomentário às leituras dominicais$fFernando Armellini$gtrad. Américo Casado$gdes. Arianna Mauri 210 #9 $aLisboa$cPaulinas,$dcop. 1996 215 ## $a493, [10] p.$cil.$d21 cm 225 2# $aCelebrar 675 ## $a272-565$vBN$zpor$31288049 675 ## $a27-53$vBN$zpor$31378707 700 #1 $aArmellini,$bFernando$37084 702 #1 $aCasado,$bAmérico$4730$3109756 702 #1 $aMauri,$bArianna$4440$31525367 801 #0 $aPT$bBN$gRPC 900 ## $aBIBNAC$d20180228 966 ## $lBN$mFGMON$sR. 29631 V.$x1 966 ## $lBN$mFGMON$sR. 29631 V.-D$x1
|
|
|